000 00860nas a2200265 4500
001 BR2012002267
003 BR-BrBNA
005 20231205120351.0
007 ta
008 230509b bl.|||p| |||| 00| 00por d
040 _aBR-BrBNA
_bpor
_cBiblioteca Nacional de Agricultura
041 _a(Pt)
072 _aQ03
100 1 _aDanieli, F.
100 1 _aStulp, S.
245 1 _aAvaliação da estabilidade de bebida mista de frutas cítricas exposta à radiação ultravioleta
650 _aFRUTA CÍTRICA
650 _aSUCO
650 _aARMAZENAMENTO
650 _aPRESERVAÇÃO DE ALIMENTO
650 _aSEGURANÇA ALIMENTAR
773 0 _tBoletim do Centro de Pesquisa e Processamento de Alimentos (Brazil)
_xISSN 0102-0323
_g(Jan-Jun 2011), v. 29(1) p. 63-70
_wBR2012002267
909 _a202311
_bLúcia
_c55
_dLúcia Elande
942 _2AGRIS
_n0
_cANA
999 _c218154
_d218154